Načítá se...

Molecular biotechnology: principles and applications of recombinant DNA

Podrobná bibliografie
Hlavní autor: Glick, Bernard
Další autoři: Pasternak, Jack.J, Patten, Cheryl L, Pattern, Cheryl L
Médium: Printed Book
Jazyk:Undetermined
English
Vydáno: Washington ASM press 2010
Vydání:4
Témata:
LEADER 00733nam a2200229Ia 4500
008 140306s9999 xx 000 0 und d
020 |a 9781555814984 
041 |a eng 
082 |a 660.6  |b GLI/MO 
100 |a Glick, Bernard 
700 |a Pasternak, Jack.J 
700 |a Patten, Cheryl L 
700 |a Pattern, Cheryl L 
245 |a Molecular biotechnology: principles and applications of recombinant DNA 
250 |a 4 
260 |a Washington  |b ASM press  |c 2010 
300 |a 942 
365 |b Rs.6225/- 
650 |a Biotechnology 
942 |2 ddc  |c BK 
999 |c 123247  |d 123247 
952 |0 0  |1 0  |2 ddc  |4 0  |6 660_600000000000000_GLIMO  |7 0  |9 122956  |a KAUHCV  |b KAUHCV  |d 2012-11-06  |g 6225.00  |o 660.6 GLI/MO  |p KAU_HCV-29841  |r 2014-03-22  |w 2014-03-22  |y BK